1131 1588 1648 1809 1134 1669 1606 1808 1637 1912 1371 1058 1943 1504 1787 1829 1091 1856 1117 1322 1704 1686 1477 1928 1039 1860 1852 1112 1871 1973 1092 1575 1217 1923 1094 1586 1234 1107 1764 1826 1875 1214 1604 1520 1942 1131 1292 1217 1137 1844 1384 1029 1700 1329 1172 1268 1841 1773 1808 1918 1785 1784 1755 1586 1141 1123 1859 1143 1290 1023 1628 1510 1773 1913 1575 1331 1880 1436 1116 1527 1452 1783 1804 1870 1399 1557 1184 1496 1349 1539 1239 1283 1985 1754 1742 1359 1931 1504 1068 BCNSPRNW ULIB Ver.6.0+V

เปลี่ยนเป็นภาษาไทย

Change to English
 แสดงรายละเอียดบรรณานุกรม
  กลับหน้าหลัก

Brief Record : Get Marc (ISO 2709) : E-mail record : QR code < ปิดหน้าต่าง
LEADER : 00000nam 2200000uu 4500
001    13399107810
003     ULIB
008    110204s2544||||th 000 0 tha d
020    9742778981
060 04 WP100^bน262น 2544
245 00 นรีเวชวิทยา /^cบรรณาธิการ, กิจประมุข ตันตยาภรณ์ ...[และคนอื่นๆ]
250    พิมพ์ครั้งที่ 3
260    กรุงเทพฯ :^bภาควิชาสูติศาสตร์-นรีเวชวิทยา คณะแพทยศาสตร์จุฬาลงกรณ์มหาวิทยาลัย,^c2544
300    523 หน้า :^bภาพประกอบ ;^c29 ซม.
650  7 นรีเวชวิทยา
650  7 อวัยวะสืบพันธุ์หญิง, โรค
700 0  กิจประมุข ตันตยาภรณ์,^eบรรณาธิการ
710 2  จุฬาลงกรณ์มหาวิทยาลัย. ^bคณะแพทยศาสตร์.^bภาควิชาสูติศาสตร์-นรีเวชวิทยา
945    ^p0^l0^i015158
945    ^p0^l0^i015043
945    ^p0^l0^i015042
995    ทศพร
999 ^a ใช้งานได้ทุกระบบ
รายการนี้ยังไม่มีแท็ก
คุณยังไม่ได้ล็อกอิน คุณสามารถมีกิจกรรมร่วมกับเว็บไซต์ได้ แต่ต้องล็อกอินก่อน ::
  ล็อกอิน

รายการสื่อสารสนเทศ

ลำดับที่ ประเภท เลขเรียก/บาร์โค้ด สถานที่ สถานะ
- ไม่พบข้อมูล -

รายการใกล้เคียง
    หัวเรื่อง [นรีเวชวิทยา]
    หัวเรื่อง [อวัยวะสืบพันธุ์หญิง, โรค]

BibComment


ยังไม่เคยถูกคอมเมนท์

คอมเมนท์ทรัพยากรรายการนี้
  คอมเมนท์: นรีเวชวิทยา บรรณ..


 Copyright 2026. Bcnsprnw @Library